000 00543nam a2200181Ia 4500
008 131103s9999 xx 000 0 und d
020 _cRs.30
040 _aLoreto College
041 _aEnglish
082 _a371.2/GUP
_bLCLIB(Press)/30055,29753
100 _aGupta,B.R.
245 2 _aA rethinking on educational administration
_b studies in school administration
_cB.R.Gupta
260 _aNew Delhi
_bArya Book Depot
_c1986
300 _a86 p.
_c 22 cm.
650 _aEducational Admistration
850 _aLCLIB/371.2/GUP
942 _cBK
999 _c10925
_d61404